000 00787nam a2200265Ia 4500
003 OSt
005 20220925230245.0
006 a|||||r|||| 00| 0
007 ta
008 220923b |||||||| |||| 00| 0 eng d
020 _a0521204399
037 _cGeneral Book
040 _aRTL
_cRTL
_beng
041 _2eng
_aeng
082 _aY48.654.3L.N6, L5
100 _aCole Patrick
_9154141
245 0 _aModern and traditional elites in the politics of lagos
260 _aLondon
_bUniversity Press
_c1975
300 _axi, 297p
_ccm.
490 _aAfrican Studies Series. Ed by John Dunn. 12
500 _aBibliography: P 279-89; Index:P291-97
650 _aElites
942 _hY48.654.3L.N6, L5
_cGB
_2CC
999 _c585047
_d585047